01211nam a2200277Ia 4500003000900000008004100009020001800050040001600068080002100084111010100105245028300206260006100489300001600550490003300566650004100599650002200640650001600662650001600678650001900694700003600713700003000749710003200779942000700811999001700818952009800835IN-BaIIA211028s9999 xx 000 0 eng d a0-937707-35-X cIIA Library a082.2:52bASP-16 aHaystack Observatory Conference on Atoms, Ions, and Moleculesn3rdcUSAd1990 May 23-25917671 0aSkylinesbproceedings of the Third Haystack Observatory Conference on atoms, ions, and molecules : new results in spectral line astrophysics, Westford Massachsetts, USA, May 23-25, 1990cedited by Aubrey D. Haschick and Paul T. P Ho .  aSan FranciscobAstronomical Society of the Pacificc1991 axiii, 474p. aASP conference series; v. 16 aAstronomy and Astrophysics Thesaurus aAstrophysics9794 aAtoms91137 aIons917672 aSpectral lines aHaschick, Aubrey D., ed.917673 aHo, Paul T. P.,ed.917674 aHaystack Observatory917675 cBK c10399d10399 00104070aBANbBANcGENd1992-08-11l0o082.2:52/ ASP-16p11309r2021-11-05w1992-08-11yBK